00429ntaaa2200169 45000030003000000050017000030080021000200400037000410820018000781000017000962450032001132500010001452600040001553000010001956500017002056500037002220120251027201750.00714s1973 ag 01  aAR-BaBNbspacAR-BaBNeaacrdRIC a240.0000 M612 aMeyer, F.B.  aKey words of the inner life a1 ed. aLondon : bMorgan and Scott, cs.f. a158 p ameditaciones abiblia-Nueva Testtamento-Hebreos